00618nam a2200169 a 450000100100000000500170001000800410002704000250006808200150009311000760010824500350018426000700021930000200028904900090030995201130031899900170043100003029520200930060216.0110509s1978 dr 000 0 spa d aDO-SdBNPbspacBNPHU axxxbR426p1 aRepública DominicanabSecretariado Técnico de la Presidencia93202410aPresidencia de la República. aSanto Domingo :bSecretariado Técnico de la Presidencia,c1978. a39 p. ;c29 cm. aBNPD 0010718PDaPDbPDcCTd2011-05-09iLF1l0oxxx R426pp30295-10r2020-06-25w2020-06-25yLFPDZNo se presta c29787d29787